Technology and English studies : innovative professional paths
Αποθηκεύτηκε σε:
| Άλλοι συγγραφείς: | , |
|---|---|
| Μορφή: | Βιβλίο |
| Γλώσσα: | English |
| Δημοσίευση: |
Mahwah, New Jersey ; London :
Lawrence Erlbaum Associates,
2006
|
| Θέματα: | |
| Ετικέτες: |
Προσθήκη ετικέτας
Δεν υπάρχουν, Καταχωρήστε ετικέτα πρώτοι!
|
MARC
| LEADER | 00000nam a2200000 i 4500 | ||
|---|---|---|---|
| 001 | 1/95209 | ||
| 008 | 081010s2006 eng d | ||
| 020 | |a 0-8058-4589-5 | ||
| 035 | |l 10100781 | ||
| 040 | |a GR-MY-UA |b gre |e aacr | ||
| 041 | 0 | |a eng | |
| 082 | 0 | |a 607.42 |2 (22) | |
| 245 | 1 | 0 | |a Technology and English studies : |b innovative professional paths / |c edited by James A. Inman and Beth L. Hewett |
| 260 | |a Mahwah, New Jersey ; London : |b Lawrence Erlbaum Associates, |c 2006 | ||
| 300 | |a xv, 250 σ.; |c 23 εκ. | ||
| 504 | |a Βιβλιογραφία: σ. 237-244. Ευρετήριο | ||
| 650 | 0 | 0 | |a English philology |x Computer network resources. |
| 650 | 0 | 0 | |a English philology |x Computer-assisted instruction. |
| 650 | 0 | 0 | |a English philology |x Study and teaching. |
| 650 | 0 | 0 | |a High technology and education. |
| 700 | 1 | |a Inman, James A. |4 edt | |
| 700 | 1 | |a Hewett, Beth L. |4 edt | |
| 852 | |a INST |b RHODES |e 20081010 |h 607.42 TEC |p 005400030860 |q 005400030860 |t BK |y 0 | ||
| 901 | |a BIBL4-2008-3 | ||
| 909 | |a Ρ |b 153856 | ||
| 922 | |a 4ΕΛΗ |b 200809 |c ΕΠΕΑΕΚ2/ΠΤΔΕ |d ΜΙΧΑΛΟΠΟΥΛΟΣ | ||
| 970 | |a ΧΑΡΙΟΠΟΛΙΤΟΥ |b ΚΩΝΣΤΑΝΤΙΝΑ |z 2008/10/10 | ||